000 00696nam a2200181Ia 4500
008 100920s9999 xx 000 0 und d
082 _b73277
_a28 व 891,464 थ 99
100 _aसाने हेमा.
245 _aआपले हिरवे मित्र.
260 _bमधुराज पब्लिकेशन्स प्रायव्हेट लिमिटेड, पुणे 2.
_c1999
300 _a46
_bसाधी
365 _b30
520 _aबा.वि.निबंध.
630 _aआपले हिरवे मित्र.
650 _aबा.वि.निबंध.
730 _aआपले हिरवे मित्र.
942 _cBOOK
999 _c714957
_d714954